|
|
|
|
| LEADER |
00000cam a2200000 a 4500 |
| 001 |
1/114073 |
| 008 |
170524s2014####gr | ||| |||| ||gre|| |
| 020 |
|
|
|a 9789606878602
|
| 040 |
|
|
|a GR-MyUa
|b gre
|c GR-MyUa
|e AACR2
|
| 041 |
0 |
|
|a gre
|
| 082 |
7 |
|
|a 708.949512
|2 (23)
|
| 100 |
1 |
|
|a Βαλαβάνης, Πάνος Δ.,
|d 1954-
|
| 245 |
1 |
2 |
|a Η Ακρόπολη μέσα από το μουσείο της /
|c Πάνος Βαλαβάνης.
|
| 250 |
|
|
|a 2η έκδ.
|
| 260 |
|
|
|a Αθήνα :
|b Καπόν,
|c c2014.
|
| 300 |
|
|
|a 159 σ. :
|b εικ. ;
|c 27 εκ.
|
| 504 |
|
|
|a Βιβλιογραφία: σ. 159.
|
| 610 |
2 |
0 |
|a Αρχαιολογικό Μουσείο Ακροπόλεως.
|
| 650 |
|
0 |
|a Sculpture, Greek
|z Greece
|z Athens
|v Catalogs.
|
| 651 |
|
0 |
|a Acropolis (Athens, Greece)
|x Antiquities
|v Catalogs.
|
| 651 |
|
0 |
|a Acropolis (Athens, Greece)
|x Guidebooks.
|
| 852 |
|
|
|a INST
|b SYROS
|c EUDOXUS
|e 20170524
|h 708.949512 ΒΑΛ
|p 005500013075
|q 005500013075
|t EDX
|y 0
|
| 920 |
|
|
|a Εύδοξος
|b Παραγγελία
|y Σύρος-ΤΜΣΠΣ
|z 2017-05
|
| 970 |
|
|
|a Κοντού
|b Παρασκευή
|z 24/05/2017
|